skbl

Dr Suryya Kumar Bhuyan Library Web-OPAC
ডঃ সূৰ্য্য
কুমাৰ ভূঞা পুথিভঁৰাল ৱেব-অ'পেক

All Research Scholars are advised to clear the annual library fees to continue using Library Resources, Remote Access, Plagiarism Test and Library Clearance.

Cotton University Book Fair 2026

Bhattadevar `Katha Bhagabat` (Nirbachita Angsha) / (Record no. 4810)

MARC details
000 -LEADER
fixed length control field 00923nam a2200337Ia 4500
001 - CONTROL NUMBER
control field 4823
005 - DATE AND TIME OF LATEST TRANSACTION
control field 20240113233801.0
007 - PHYSICAL DESCRIPTION FIXED FIELD--GENERAL INFORMATION
fixed length control field ta
008 - FIXED-LENGTH DATA ELEMENTS--GENERAL INFORMATION
fixed length control field 050615s1999 g b000 u asm u
020 ## - INTERNATIONAL STANDARD BOOK NUMBER
International Standard Book Number 81-7339-001-8
Terms of availability Rs.30.00
040 ## - CATALOGING SOURCE
Original cataloging agency Cotton College,Assam
041 ## - LANGUAGE CODE
Language code of text/sound track or separate title asm
082 ## - DEWEY DECIMAL CLASSIFICATION NUMBER
Classification number 294.5924
Item number Ch 349 Bh
100 ## - MAIN ENTRY--PERSONAL NAME
Personal name Chakraborty, Manju .
245 #0 - TITLE STATEMENT
Title Bhattadevar `Katha Bhagabat` (Nirbachita Angsha) /
Statement of responsibility, etc. Manju Chakraborty.
Medium Textual Documents
250 ## - EDITION STATEMENT
Edition statement 2nd ed. /
260 ## - PUBLICATION, DISTRIBUTION, ETC.
Place of publication, distribution, etc. Guwahati :
Name of publisher, distributor, etc. Banalata ,
Date of publication, distribution, etc. 1999.
300 ## - PHYSICAL DESCRIPTION
Extent 59p. ;
Dimensions 22cm.
365 ## - TRADE PRICE
Price type code Rs.30.00
500 ## - GENERAL NOTE
General note Issued to the Deptt Assamese Acc no-5349/As
653 ## - INDEX TERM--UNCONTROLLED
Uncontrolled term Assamese-Religion
653 ## - INDEX TERM--UNCONTROLLED
Uncontrolled term Religion
653 ## - INDEX TERM--UNCONTROLLED
Uncontrolled term Religious Literature
653 ## - INDEX TERM--UNCONTROLLED
Uncontrolled term PG-Assamese
653 ## - INDEX TERM--UNCONTROLLED
Uncontrolled term MS-Religion
942 ## - ADDED ENTRY ELEMENTS (KOHA)
Source of classification or shelving scheme Dewey Decimal Classification
Koha item type Books
Holdings
Withdrawn status Lost status Damaged status Not for loan Collection Home library Current library Date acquired Coded location qualifier Cost, normal purchase price Total checkouts Full call number Barcode Date last seen Copy number Price effective from Koha item type
          Dr. Suryya Kumar Bhuyan Library Dr. Suryya Kumar Bhuyan Library 01/02/2012 00000 30.00   294.5924 Ch 349 Bh 92249 13/01/2024 3 01/02/2012 Books
          Dr. Suryya Kumar Bhuyan Library Dr. Suryya Kumar Bhuyan Library 01/02/2012 00000 30.00   294.5924 Ch 349 Bh 2311/As 13/01/2024 1 01/02/2012 Books
          Dr. Suryya Kumar Bhuyan Library Dr. Suryya Kumar Bhuyan Library 01/02/2012 00000 30.00   294.5924 Ch 349 Bh 5349/As 13/01/2024 2 01/02/2012 Books

Designed and Maintained by Team SKBL
©1901-2026

Powered by Koha